Normal view
MARC view
- Morricone Ennio
Entry Personal Name
001 - CONTROL NUMBER
- control field: 31232
003 - CONTROL NUMBER IDENTIFIER
- control field: IT-RoPau
005 - DATE AND TIME OF LATEST TRANSACTION
- control field: 20140622204413.0
008 - FIXED-LENGTH DATA ELEMENTS
- fixed length control field: 140622|| aca||aabn | a|a d
040 ## - CATALOGING SOURCE
- Original cataloging agency: IT-RoPau
- Transcribing agency: IT-RoPau
100 ## - HEADING--PERSONAL NAME
- Personal name: Morricone Ennio
- Dates associated with a name: Codice autore musica SPICS: 3535
- Relator term: Autore musica
- Name of part/section of a work: Poverty
670 ## - SOURCE DATA FOUND
- Source citation: Work cat.: (IT-RoPau)99266: AA.VV. 794, Verona jazz